[Event "Stuttgart-chB int"]
[Site "Ditzingen"]
[Date "2016.05.06"]
[Round "3"]
[White "Gorb, Eugeniusz"]
[Black "Zou, Kuangda Konrad"]
[Result "1/2-1/2"]
[WhiteElo "1691"]
[BlackElo "1432"]
[PlyCount "52"]
[EventDate "2016.05.05"]
[EventType "swiss"]
[EventRounds "7"]
[EventCountry "GER"]
[SourceTitle "EXT 2018"]
[Source "ChessBase"]
[SourceDate "2017.10.13"]
[SourceVersion "1"]
[SourceVersionDate "2017.10.13"]
[SourceQuality "1"]

1. e4 c5 2. Nf3 d6 3. h3 a6 4. Nc3 Nf6 5. Be2 e6 6. 0-0 Be7 7. d4 cxd4 8. Nxd4 0-0 9. Bd3 Nbd7 10. Re1 b5 11. Nc6 Qe8 12. Bg5 Bb7 13. Nxe7+ Qxe7 14. Ne2 Nc5 15. Ng3 Nxd3 16. cxd3 h6 17. Bd2 Rac8 18. Bb4 Rfd8 19. e5 Ne8 20. exd6 Nxd6 21. Nf5 Qg5 22. Ng3 Nf5 23. Ne4 Qg6 24. Kh2 Nd6 25. Ng3 Nf5 26. Ne4 Nd6 1/2-1/2

[Event "Stuttgart-chB int"]
[Site "Ditzingen"]
[Date "2016.05.06"]
[Round "4"]
[White "Zou, Kuangda Konrad"]
[Black "Helmich, Joerg"]
[Result "1/2-1/2"]
[WhiteElo "1432"]
[BlackElo "1700"]
[PlyCount "34"]
[EventDate "2016.05.05"]
[EventType "swiss"]
[EventRounds "7"]
[EventCountry "GER"]
[SourceTitle "EXT 2018"]
[Source "ChessBase"]
[SourceDate "2017.10.13"]
[SourceVersion "1"]
[SourceVersionDate "2017.10.13"]
[SourceQuality "1"]

1. e4 e6 2. d4 d5 3. exd5 exd5 4. Bd3 Bd6 5. Nf3 Ne7 6. Be3 Bf5 7. c3 Bxd3 8. Qxd3 c6 9. Nbd2 Qd7 10. Nf1 Nf5 11. Bd2 Qe6+ 12. Ne3 Nxe3 13. Bxe3 Qg6 14. Qxg6 hxg6 15. Ne5 Nd7 16. Nd3 0-0-0 17. Bf4 Bxf4 1/2-1/2

[Event "Stuttgart-chB int"]
[Site "Ditzingen"]
[Date "2016.05.05"]
[Round "1"]
[White "Zou, Kuangda Konrad"]
[Black "Weissenberger, Mario"]
[Result "0-1"]
[WhiteElo "1432"]
[BlackElo "1725"]
[PlyCount "118"]
[EventDate "2016.05.05"]
[EventType "swiss"]
[EventRounds "7"]
[EventCountry "GER"]
[SourceTitle "EXT 2018"]
[Source "ChessBase"]
[SourceDate "2017.10.13"]
[SourceVersion "1"]
[SourceVersionDate "2017.10.13"]
[SourceQuality "1"]

1. e4 e6 2. d4 d5 3. exd5 exd5 4. Bd3 Bd6 5. Nf3 Nc6 6. c3 Bg4 7. Qe2+ Nge7 8. h3 Bh5 9. Be3 Qd7 10. Nbd2 0-0-0 11. g4 Bg6 12. 0-0-0 Rde8 13. Nh4 Bxd3 14. Qxd3 h5 15. f3 g6 16. Qe2 Bg3 17. Ng2 f5 18. Bf4 Bxf4 19. Nxf4 Qd6 20. Qe6+ Qxe6 21. Nxe6 Nd8 22. Nf4 hxg4 23. hxg4 g5 24. Rxh8 Rxh8 25. Re1 gxf4 26. Rxe7 fxg4 27. fxg4 Rg8 28. Re5 Rxg4 29. Rxd5 Ne6 30. Rf5 Ng5 31. Rf8+ Kd7 32. Kd1 Ne6 33. Nf3 Nxf8 34. Ne5+ Ke6 35. Nxg4 Kf5 36. Ne5 Ke4 37. Ke2 c5 38. Nf3 Ne6 39. dxc5 Nxc5 40. Nd2+ Kf5 41. c4 Na4 42. b4 Nc3+ 43. Kf3 Nxa2 44. b5 Nc3 45. Nb3 Ke5 46. Na5 Ne4 47. Nxb7 Nd2+ 48. Ke2 Nxc4 49. Nd8 Ke4 50. Nc6 f3+ 51. Kf2 Nb2 52. Nxa7 Nd1+ 53. Kf1 Ne3+ 54. Kf2 Ng4+ 55. Kf1 Ke3 56. b6 Nh2+ 57. Kg1 f2+ 58. Kg2 f1Q+ 59. Kxh2 Kf3 0-1